| 000 | 01509nam a22003137i 4500 | ||
|---|---|---|---|
| 003 | DO-SdBNP | ||
| 005 | 20240515102741.0 | ||
| 007 | ta | ||
| 008 | 211001b2021 dr ad||| |||| 00| 0 spa d | ||
| 020 | _a9788845918564 | ||
| 040 |
_aDO-SdBNP _bspa _cBNPHU _erda |
||
| 082 | 4 |
_a330.1556 _bA696e _222 |
|
| 100 | 1 |
_aArias, José Adalberto, _d1951- _943084 |
|
| 245 | 1 | 0 |
_aEconomía del bienestar y el cambio climático / _cJosé Adalberto Arias ; presentación : Monseñor Víctor Massalles Pere. |
| 264 |
_aSanto Domingo : _bBúho, _c2021. |
||
| 300 |
_a209 páginas : _bilustraciones, gráficos ; _c23 cm. |
||
| 336 |
_2rdacontent _atexto _btxt |
||
| 337 |
_2rdamedia _asin mediación _bn |
||
| 338 |
_2rdacarrier _avolumen _bnc |
||
| 500 | _aIncluye datos biográficos del autor en las solapas | ||
| 505 | 0 |
_aPresentacion / _rMonseñor Víctor Masalles Pere -- _tPreámbulo -- _t La economía como ciencia -- _tLa economía del bienestar -- _tEl cuidado del medio ambiente -- _tEl secreto financiero y el cambio climático -- _tRevolución climática en la economía mundial -- _tA manera de colofón : El covid-19 y el cambio climático _tBibliografía general -- |
|
| 590 | _aInventariado, 2021 /LP | ||
| 650 | 0 |
_aEconomía del bienestar _984565 |
|
| 650 | 4 |
_aCambios climáticos _xAspectos económicos _984566 |
|
| 650 | 4 |
_aConservación del medio ambiente _933540 |
|
| 700 | 1 |
_aMasalles Pere, Víctor ; _epresentación _984567 |
|
| 910 | _aLopérez. Validado. Control de calidad MFF | ||
| 942 |
_2ddc _cLBS1 |
||
| 999 |
_c50684 _d50684 |
||